Paris - Sélection de tuiles - Statistiques

Statistiques générales
  • Ce quiz a été pris 54 fois
    34 depuis la dernière actualisation
  • Le résultat moyen est 66 sur 75
Statistiques - réponses
Question Tuile Select % Correct
Les photos prises à Paris Oui
100%
Les photos prises à Paris Oui
100%
Les photos prises à Paris Non
100%
Les photos prises à Paris Non
100%
Les films se déroulant à Paris (au moins en partie) 1917 Non
100%
Les lieux/monuments se trouvant à Paris Arc de Triomphe Oui
100%
Les lieux/monuments se trouvant à Paris Château d'If Non
100%
Les stations de métro parisiennes existant réellement Concorde Oui
100%
Les stations de métro parisiennes existant réellement Cornaredo Non
100%
Les lieux/monuments se trouvant à Paris Fourvière Non
100%
Les lieux/monuments se trouvant à Paris Hôtel des Invalides Oui
100%
Les films se déroulant à Paris (au moins en partie) Il faut sauver le soldat Ryan Non
100%
Les lieux/monuments se trouvant à Paris Musée des Confluences Non
100%
Les lieux/monuments se trouvant à Paris Musée d'Orsay Oui
100%
Les stations de métro parisiennes existant réellement Petrograd Non
100%
Les films se déroulant à Paris (au moins en partie) Star Wars, épisode IV : Un nouvel espoir Non
100%
Les stations de métro parisiennes existant réellement Suisse Non
100%
Les lieux/monuments se trouvant à Paris Tour Eiffel Oui
100%
Les lieux/monuments se trouvant à Paris Tour Part-Dieu Non
100%
Les lieux/monuments se trouvant à Paris Trocadéro Oui
100%
Les stations de métro parisiennes existant réellement Victor Schœlcher Non
100%
Les photos prises à Paris Non
97%
Les photos prises à Paris Non
97%
Les événements ayant eu lieu à Paris Attentats du 11 septembre 2001 Non
97%
Les lieux/monuments se trouvant à Paris Basilique du Sacré-Cœur Oui
97%
Les lieux/monuments se trouvant à Paris Grand Palais Oui
97%
Les films se déroulant à Paris (au moins en partie) Iron Man 3 Non
97%
Les événements ayant eu lieu à Paris Jeux olympiques de 2024 Oui
97%
Les films se déroulant à Paris (au moins en partie) Le Bossu de Notre-Dame Oui
97%
Les stations de métro parisiennes existant réellement Nation Oui
97%
Les lieux/monuments se trouvant à Paris Place Vendôme Oui
97%
Les lieux/monuments se trouvant à Paris Tour Montparnasse Oui
97%
Les photos prises à Paris Oui
94%
Les événements ayant eu lieu à Paris Appel du 18 Juin Non
94%
Les stations de métro parisiennes existant réellement Châtelet Oui
94%
Les événements ayant eu lieu à Paris Jeux olympiques de 1992 Non
94%
Les films se déroulant à Paris (au moins en partie) La Soupe aux choux Non
94%
Les films se déroulant à Paris (au moins en partie) Le Fabuleux Destin d'Amélie Poulain Oui
94%
Les lieux/monuments se trouvant à Paris Le Marais Oui
94%
Les événements ayant eu lieu à Paris Mort de Diana Spencer (Lady Diana) Oui
94%
Les stations de métro parisiennes existant réellement Barbès - Rochechouart Oui
91%
Les événements ayant eu lieu à Paris Exposition universelle de 1889 Oui
91%
Les stations de métro parisiennes existant réellement Gare de Lyon Oui
91%
Les événements ayant eu lieu à Paris Live Aid Non
91%
Les films se déroulant à Paris (au moins en partie) Ratatouille Oui
91%
Les stations de métro parisiennes existant réellement Stalingrad Oui
91%
Les stations de métro parisiennes existant réellement Arc de triomphe Non
88%
Les stations de métro parisiennes existant réellement Beaubourg Non
88%
Les événements ayant eu lieu à Paris Couronnement de Charlemagne Non
88%
Les stations de métro parisiennes existant réellement Odéon Oui
88%
Les photos prises à Paris Oui
85%
Les photos prises à Paris Non
85%
Les événements ayant eu lieu à Paris Eurovision 2018 Non
85%
Les événements ayant eu lieu à Paris Finale de Roland-Garros 2023 Oui
85%
Les films se déroulant à Paris (au moins en partie) Intouchables Oui
85%
Les photos prises à Paris Oui
82%
Les films se déroulant à Paris (au moins en partie) Les Visiteurs Non
82%
Les films se déroulant à Paris (au moins en partie) Taxi Non
82%
Les photos prises à Paris Oui
79%
Les stations de métro parisiennes existant réellement Bir Hakeim Oui
79%
Les photos prises à Paris Oui
76%
Les événements ayant eu lieu à Paris Finale de la Coupe du monde 1998 Oui
76%
Les événements ayant eu lieu à Paris Coup d'État du 18 Brumaire (Napoléon Bonaparte) Oui
73%
Les événements ayant eu lieu à Paris NRJ Music Awards 2023 Non
73%
Les films se déroulant à Paris (au moins en partie) Da Vinci Code Oui
70%
Les lieux/monuments se trouvant à Paris Place Kléber Non
70%
Les photos prises à Paris Oui
67%
Les photos prises à Paris Non
67%
Les événements ayant eu lieu à Paris Assassinat d'Henri IV Oui
64%
Les films se déroulant à Paris (au moins en partie) La Boum Oui
64%
Les films se déroulant à Paris (au moins en partie) La Grande Vadrouille Oui
61%
Les films se déroulant à Paris (au moins en partie) Le père Noël est une ordure Oui
61%
Les stations de métro parisiennes existant réellement Rambuteau Oui
55%
Les événements ayant eu lieu à Paris Finale de l’Euro 2016 Oui
45%
Les photos prises à Paris Oui
39%
Aucun quiz correspondant
Distribution des résultats
% des personnes avec chaque résultat
Percentile par nombre de réponses
Votre historique - résultats
Vous n’avez pas pris ce quiz depuis la dernière actualisation